Nâng cao hiểu biết về sức khỏe sinh sản cho người dân đô thị Trường hợp phường 11, quận 3, Tp. Hồ Chí Minh

সংরক্ষণ করুন:
গ্রন্থ-পঞ্জীর বিবরন
প্রধান লেখক: Đỗ, Văn Bình (Biên soạn)
অন্যান্য লেখক: Nguyễn, Thị Oanh (Biên soạn), Nguyễn, Thị Bích Ngọc (Biên soạn)
বিন্যাস: গ্রন্থ
ভাষা:Vietnamese
প্রকাশিত: Thành phố Hồ Chí Minh kxd 2006
বিষয়গুলি:
ট্যাগগুলো: ট্যাগ যুক্ত করুন
কোনো ট্যাগ নেই, প্রথমজন হিসাবে ট্যাগ করুন!
Thư viện lưu trữ: Trung tâm Học liệu Lê Vũ Hùng, Trường Đại học Đồng Tháp
LEADER 01196aam a22002778a 4500
001 00042346
005 20180919100954.0
008 120328s2000 ||||||viesd
041 0 # |a vie 
082 1 4 |a 613.9  |b S552KH 
100 1 # |a Đỗ, Văn Bình  |e Biên soạn 
245 1 0 |c Đỗ Văn Bình, Nguyễn Thị Oanh, Nguyễn Thị Bích Ngọc (b.s)  |a Nâng cao hiểu biết về sức khỏe sinh sản cho người dân đô thị  |b Trường hợp phường 11, quận 3, Tp. Hồ Chí Minh 
260 # # |a Thành phố Hồ Chí Minh  |b kxd  |c 2006 
300 # # |a 88 tr.  |c 29 cm. 
500 # # |a ĐBS ghi: Trung tâm nghiên cứu tư vấn CTXH và PTCĐ (SDRC). OXFAM Hà Lan 
650 # 4 |a Y học 
653 # # |a Người dân 
653 # # |a Đô thị 
653 # # |a Thành phố Hồ Chí Minh 
653 # # |a Sức khỏe tình dục 
653 # # |a Sức khỏe sinh sản 
700 1 # |a Nguyễn, Thị Oanh  |e Biên soạn 
700 1 # |a Nguyễn, Thị Bích Ngọc  |e Biên soạn 
852 # # |j KD.0017716 
910 |d 19/09/2018 
980 # # |a Trung tâm Học liệu Lê Vũ Hùng, Trường Đại học Đồng Tháp